| 000 | nam a22 7a 4500 | ||
|---|---|---|---|
| 999 |
_c4834 _d4834 |
||
| 003 | AKMAL | ||
| 005 | 20200714152819.0 | ||
| 008 | 200714s2020 my e l o000 0 may d | ||
| 020 |
_a9789677014268 _cRM44.00 |
||
| 082 | 0 | 4 | _a340.09595 MAL |
| 090 | 0 | 0 |
_a340.09595 _bMAL |
| 110 | 1 |
_aMalaysia _9400 |
|
| 245 | 1 | 0 |
_aUndang-Undang Umum Jilid Dua : _nPerlembagaan Persekutuan Bahagaian III,IV & VI / Akta Pencen 1980, Peraturan-peraturan Pencen 1980 / Akta Kumpulan Wang Simpanan Pekerja 1991, Kaedah-kaedah KWSP 1991, Peraturan-peraturan KWSP 2001. SEMUA PINDAAN HINGGA JANUARI 2019. _cDisusun semula oleh : Penasihat Undang-Undang MDC |
| 246 | 0 | 8 |
_aUNDANG-UNDANG UMUM. _nJILID DUA |
| 264 | 1 |
_aKuala Lumpur : _bMDC PUBLISHERS SDN BHD, _c2020 |
|
| 300 |
_a437 pages ; _c26 cm |
||
| 490 | 1 | _aUNDANG-UNDANG MALAYSIA | |
| 650 | 1 | 0 |
_aConstitutional law _zMalaysia _9437 |
| 650 | 2 | 0 |
_aPensions _xLaw and legislation _zMalaysia _9438 |
| 650 | 2 | 0 |
_aEmployees' deposits _xLaw and legislation _zMalaysia _9439 |
| 710 | 2 |
_aPenasihat Undang-Undang MDC, _ecompiler. _9405 |
|
| 830 | 0 |
_aUNDANG-UNDANG MALAYSIA _99198 |
|
| 942 |
_2ddc _cBOOK |
||